|
|
|
|
| LEADER |
00000nab a2200000 a 4500 |
| 001 |
vtls000584009 |
| 003 |
SK-MaSNL |
| 005 |
20260303011338.0 |
| 008 |
160202c1996 xo 0 slo |
| 015 |
|
|
|a SNBRB19rr/mm-uuuuu
|
| 035 |
|
|
|a CL0584148
|
| 040 |
|
|
|a SNKBUCL
|b slo
|c SNKBUCL
|e AACR2
|
| 041 |
0 |
|
|a slo
|
| 044 |
|
|
|a xo
|c SK
|
| 080 |
|
|
|a 338.246(437.6):330.526.5(437.6):331.881(437.6)
|2 1981
|
| 080 |
|
|
|a 330.526.5(437.6)
|2 1981
|
| 080 |
|
|
|a 331.881(437.6)
|2 1981
|
| 100 |
1 |
|
|a Števko, Václav
|4 aut
|9 979920
|
| 245 |
1 |
0 |
|a Oficiálne vyhlásenia vlády a jej privatizačná prax sa líšia
|c Václav Števko, Juraj Mašláni
|
| 300 |
|
|
|b Fotogr. 1
|
| 650 |
0 |
7 |
|a privatizácia
|2 snkbucl
|9 2343
|
| 650 |
0 |
7 |
|a odbory
|2 snkbucl
|9 2328
|
| 655 |
|
7 |
|a články z novín a časopisov
|2 snkbucl
|9 267496
|
| 700 |
1 |
|
|a Mašláni, Juraj
|4 aut
|9 677695
|
| 773 |
0 |
|
|t Práca
|g Roč. 51, č. 112 (15. 5. 1996), s. 1 a 5
|
| 850 |
|
|
|a Slovenská národná knižnica v Martine
|a MTA001
|
| 852 |
|
|
|a SNK
|b KIS3GCP
|
| 958 |
|
|
|a RK
|
| 958 |
|
|
|a SK
|
| 992 |
|
|
|a RBX
|
| 999 |
|
|
|c 1591621
|d 1593551
|